|
|
|
|
| LEADER |
00000nam0a2200000 4500 |
| 001 |
122120 |
| 005 |
20231101215725.0 |
| 010 |
|
|
|a 5984570505
|
| 035 |
|
|
|a (RuTPU)RU\TPU\book\132243
|
| 090 |
|
|
|a 122120
|
| 100 |
|
|
|a 20070926d2007 m y0rusy50 ca
|
| 101 |
0 |
|
|a rus
|
| 102 |
|
|
|a RU
|
| 105 |
|
|
|a a j 001zy
|
| 200 |
1 |
|
|a Современные способы выплавки стали в дуговых печах
|e учебное пособие
|f А. В. Рябов, И. В. Чуманов, М. В. Шишимиров
|
| 210 |
|
|
|a Москва
|c Теплотехник
|d 2007
|
| 215 |
|
|
|a 192 с.
|c ил.
|
| 320 |
|
|
|a Библиографический список: с. 180-183.
|
| 330 |
|
|
|a Учебное пособие включает конструктивные и технологические особенности ШДП, процесса «Consteel», «Danarc», расчет материального и энергетического баланса выплавки стали в дуговой электросталеплавильной печи шахтного типа, предназначено для решения научно-технических, инженерных и учебных задач при выполнении лабораторных, практических, курсовых и дипломных работ по специальности 150101 «Металлургия черных металлов». Пособие можно использовать в курсах «Электрометаллургия и производство ферросплавов», «Внепечная обработка стали», «Конструкция и проектирование электропечей», «Конструкция и проектирование цехов» и т.д.
|
| 606 |
1 |
|
|a Сталеплавильные печи дуговые
|x Технико-экономические показатели
|x Технико-экономический анализ
|2 stltpush
|3 (RuTPU)RU\TPU\subj\56208
|9 74122
|
| 610 |
1 |
|
|a металлургия
|
| 610 |
1 |
|
|a сталь
|
| 610 |
1 |
|
|a выплавка
|
| 610 |
1 |
|
|a дуговые печи
|
| 610 |
1 |
|
|a конструкции
|
| 610 |
1 |
|
|a лом
|
| 610 |
1 |
|
|a подогрев
|
| 610 |
1 |
|
|a отходящие газы
|
| 610 |
1 |
|
|a шахтные дуговые печи
|
| 610 |
1 |
|
|a VAI "FUCHS"
|
| 610 |
1 |
|
|a электросталь
|
| 610 |
1 |
|
|a горячая шихта
|
| 610 |
1 |
|
|a непрерывная загрузка
|
| 610 |
1 |
|
|a Danarc
|
| 610 |
1 |
|
|a материальный баланс
|
| 610 |
1 |
|
|a энергетический баланс
|
| 610 |
1 |
|
|a учебные пособия
|
| 675 |
|
|
|a 669.187.2(075.8)
|v 3
|
| 700 |
|
1 |
|a Рябов
|b А. В.
|g Андрей Валерьевич
|
| 701 |
|
1 |
|a Чуманов
|b И. В.
|g Илья Валерьевич
|
| 701 |
|
1 |
|a Шишимиров
|b М. В.
|g Матвей Владимирович
|
| 801 |
|
1 |
|a RU
|b 63413507
|c 20070926
|g PSBO
|
| 801 |
|
2 |
|a RU
|b 63413507
|c 20151008
|g PSBO
|
| 942 |
|
|
|c BK
|
| 959 |
|
|
|a 66/20070926
|d 1
|e 5500,00
|f ЧЗТЛ:1
|